Alle Spieler von Bayer Leverkusen seit 00/01 - Statistiken

Allgemein
  • Dieses Quiz wurde 137 mal gespielt
  • Das Durchschnittsergebnis liegt bei 73 aus 242
Antwortstatistiken
Bayer 04 Leverkusen % Korrekt
Jeremie Frimpong
92%
Florian Wirtz
88%
Michael Ballack
88%
Alejandro Grimaldo
87%
Bernd Schneider
85%
Stefan Kießling
85%
Julian Brandt
83%
Lars Bender
83%
Sven Bender
83%
Lukas Hradecky
82%
Rene Adler
82%
Simon Rolfes
82%
Karim Bellarabi
80%
Patrik Schick
78%
Kai Havertz
77%
Victor Boniface
77%
Bernd Leno
73%
Lucio
73%
Hans Jörg Butt
72%
Robert Andrich
72%
Ze Roberto
72%
Amine Adli
70%
Jonathan Tah
70%
Toni Kroos
70%
Torben Hoffmann
70%
Dimitar Berbatov
68%
Jonas Hofmann
68%
Tranquillo Barnetta
67%
Domagoj Vida
65%
Granit Xhaka
65%
Jens Nowotny
65%
Gonzalo Castro
63%
Sidney Sam
63%
Andriy Voronin
62%
Carsten Ramelow
62%
Patrick Helmes
62%
Christoph Kramer
60%
Edmond Tapsoba
58%
Javier Hernandez
58%
Juan
58%
Ulf Kirsten
58%
Arturo Vidal
55%
Stefan Reinartz
55%
Aleix Garcia
53%
Exequiel Palacios
53%
Paul Freier
53%
Andre Schürrle
52%
Heung-Min Son
52%
Niklas Lomb
52%
Piero Hincapie
52%
Matej Kovar
50%
Nathan Tella
50%
Renato Augusto
48%
Benedikt Fernandez
47%
Equi Fernandez
47%
Eren Derdiyok
47%
Hakan Calhanoglu
47%
Mark Flekken
47%
Nadiem Amiri
47%
Emre Can
45%
Moussa Diaby
45%
Arthur
43%
Kerem Demirbay
43%
Manuel Friedrich
43%
Odilon Kossounou
43%
Sergej Barbarez
43%
Wendell
43%
Leon Bailey
42%
Charles Aranguiz
40%
Christian Kofane
40%
Jarell Quansah
40%
Julian Baumgartlinger
40%
Jan-Ingwer Callsen-Bracker
38%
Kevin Volland
38%
Lucas Alario
38%
Lukas Sinkiewicz
38%
Mitchell Weiser
38%
Yildiray Bastürk
38%
Daniel Carvajal
37%
Hans Sarpei
37%
Jeanuel Belocian
37%
Kyriakos Papadopoulos
37%
Mitchel Bakker
37%
Oliver Neuville
37%
Theofanis Gekas
37%
Giulio Donati
35%
Ömer Toprak
35%
Ramazan Özcan
35%
Robbie Kruse
35%
Sami Hyypiä
35%
Timothy Fosu-Mensah
35%
Adam Hlozek
33%
Callum Hudson-Odoi
33%
Dominik Kohr
33%
Ernest Poku
33%
Tin Jedvaj
33%
Axel Tape
32%
Daley Sinkgraven
32%
Ibrahim Maza
32%
Joel Pohjanpalo
32%
Loic Bade
32%
Michal Kadlec
32%
Panagiotis Retsos
32%
Paulinho
32%
Roberto Hilbert
32%
Sebastian Boenisch
32%
Aleksandar Dragovic
30%
Danny Da Costa
30%
Kevin Kampl
30%
Lennart Grill
30%
Roque Junior
30%
Jens Hegeler
28%
Malik Tillman
28%
Martin Terrier
28%
Emir Spahic
27%
Lucas Vazquez
27%
Thomas Brdaric
27%
Diego Placente
25%
Hanno Balitsch
25%
Isaac Kiese Thelin
25%
Junior Fernandes
25%
Philipp Wollscheid
25%
Sardar Azmoun
25%
Vratislav Gresko
25%
Benjamin Henrichs
23%
David Yelldell
23%
Demarai Gray
23%
Josip Stanisic
23%
Admir Mehmedi
22%
Clemens Fritz
22%
Daniel Schwaab
22%
Hajime Hosogai
22%
Karim Haggui
22%
Michael Rensing
22%
Pirmin Schwegler
22%
Zidan Sertdemir
22%
Andrey Lunev
20%
Angelos Charisteas
20%
Eliesse Ben Seghir
20%
Emiliano Buendia
20%
Ayman Azhil
18%
Borja Iglesias
18%
Josip Drmic
18%
Santiago Arias
18%
Vladlen Yurchenko
18%
Iker Bravo
17%
Jacek Krzynowek
17%
Mario Hermoso
17%
Marko Babic
17%
Nordi Mukiele
17%
Robert Kovac
17%
Andre Ramalho
15%
Claudio Echeverri
15%
Daniel Bierofka
15%
Emrehan Gedikli
15%
Tom Starke
15%
Zoltan Sebescen
15%
Andres Guardado
13%
Arkadiusz Milik
13%
Franca
13%
Francis Onyeka
13%
Jermaine Jones
13%
Noah Mbamba
13%
Vedran Corluka
13%
Jeremiah Mensah
12%
Levin Öztunali
12%
Marlon Frey
12%
Montrell Culbreath
12%
Paulo Rink
12%
Alejo Sarco
10%
Artem Stepanov
10%
Gustavo Puerta
10%
Ingo Hertzsch
10%
Markus Daun
10%
Robson Ponte
10%
Sam Schreck
10%
Thomas Kleine
10%
Adam Matysek
8%
Athirson
8%
Ayman Aourir
8%
Bastian Oczipka
8%
Boris Zivkovic
8%
Kenan Sahin
8%
Konstantinos Stafylidis
8%
Marcel Risse
8%
Sascha Dum
8%
Ahmed Madouni
7%
Constant Djakpa
7%
Cris
7%
Dario Kresic
7%
Dimitriy Bulykin
7%
Fabian Giefer
7%
Frankie Hejduk
7%
Jurica Vranjes
7%
Ken Izekor
7%
Landon Donovan
7%
Nicolai Jorgensen
7%
Thorsten Kirschbaum
7%
Tomasz Zdebel
7%
Anel Dzaka
5%
Burak Kaplan
5%
Carlinhos
5%
Emanuel Pogatetz
5%
Frank Juric
5%
Henrique
5%
Hüzeyfe Dogan
5%
Jakub Bednarczyk
5%
Jonas Meffert
5%
Kolja Pusch
5%
Michael Ortega
5%
Nasir El Kasmi
5%
Okan Aydin
5%
Pascal Zuberbühler
5%
Pierre De Wit
5%
Radoslaw Kaluzny
5%
Ricardo Faty
5%
Samed Yesil
5%
Teddy Lucic
5%
Thanos Petsos
5%
Adrian Stanilewicz
3%
Andreas Neuendorf
3%
Assimiou Toure
3%
Cem Türkmen
3%
Christoph Preuß
3%
Danko Lazovic
3%
Fredrik Stenman
3%
Ioannis Masmanidis
3%
Jan Simak
3%
Jörg Reeb
3%
Josip Tadic
3%
Julian Riedel
3%
Marquinhos
3%
Maximilian Wagener
3%
Michal Papadopulos
3%
Pascal Ojigwe
3%
Richard Sukuta-Pasu
3%
Samed Onur
3%
Sebastian Schoof
3%
Seung-Woo Ryu
3%
Sezer Öztürk
3%
Thorsten Wittek
3%
Tobias Steffen
3%
Keine übereinstimmenden Quizze gefunden
Verteilung der Resultate
Anzahl Personen mit jedem Resultat
Perzentil nach korrekt beantworteten Fragen
Ihre Resultats-Entwicklung
Sie haben dieses Quiz noch nicht gespielt